Number 1 Country Songs of the 1970s - Statistics

General Stats
  • This quiz has been taken 63 times
  • The average score is 153 of 318
Answer Stats
Year Title Artist % Correct
1973 We're Gonna Hold On George Jones & Tammy Wynette
95%
1977 Near You George Jones And Tammy Wynette
95%
1976 Golden Ring George Jones And Tammy Wynette
95%
1979 You Decorated My Life Kenny Rogers
93%
1979 She Believes In Me Kenny Rogers
93%
1978 The Gambler Kenny Rogers
93%
1978 Love Or Something Like It Kenny Rogers
93%
1977 Daytime Friends Kenny Rogers
93%
1977 Lucille Kenny Rogers
93%
1979 All I Ever Need Is You Kenny Rogers And Dottie West
93%
1978 Every Time Two Fools Collide Kenny Rogers And Dottie West
93%
1979 Your'e The Only One Dolly Parton
90%
1979 I Really Got The Feeling/Baby I'm Burning Dolly Parton
90%
1978 Heartbreaker Dolly Parton
90%
1978 It's All Wrong, But It's Alright/Two Doors Down Dolly Parton
90%
1977 Here You Come Again Dolly Parton
90%
1975 The Bargain Store Dolly Parton
90%
1974 Love Is Like A Butterfly Dolly Parton
90%
1974 I Will Always Love You Dolly Parton
90%
1974 Jolene Dolly Parton
90%
1971 Joshua Dolly Parton
90%
1974 Please Don't Stop Loving Me Porter Wagoner And Dolly Parton
90%
1978 Mammas Don't Let Your Babies Grow Up To Be Cowboys Waylon & Willie
85%
1976 Good Hearted Woman Waylon & Willie
85%
1975 The Door George Jones
83%
1974 The Grand Tour George Jones
83%
1971 After The Fire Is Gone Conway Twitty & Loretta Lynn
80%
1979 It Must Be Love Don Williams
80%
1979 Tulsa Time Don Williams
80%
1977 I'm Just A Country Boy Don Williams
80%
1977 Some Broken Hearts Never Mend Don Williams
80%
1976 Say It Again Don Williams
80%
1976 Till The Rivers All Run Dry Don Williams
80%
1975 (Turn Out The Light And) Love Me Tonight Don Williams
80%
1975 You're My Best Friend Don Williams
80%
1974 I Wouldn't Want To Live If You Didn't Love Me Don Williams
80%
1977 Southern Nights Glen Campbell
80%
1975 Rhinestone Cowboy Glen Campbell
80%
1976 One Piece At A Time Johnny Cash
80%
1971 Flesh And Blood Johnny Cash
80%
1970 Sunday Morning Coming Down Johnny Cash
80%
1975 Feelins' Loretta Lynn & Conway Twitty
80%
1974 As Soon As I Hang Up The Phone Loretta Lynn & Conway Twitty
80%
1973 Louisiana Woman, Mississippi Man Loretta Lynn & Conway Twitty
80%
1971 Lead Me On Loretta Lynn & Conway Twitty
80%
1978 Blue Skies Willie Nelson
80%
1978 Georgia On My Mind Willie Nelson
80%
1976 If You've Got The Money I've Got The Time Willie Nelson
80%
1975 Blue Eyes Crying In The Rain Willie Nelson
80%
1979 Heartbreak Hotel Willie Nelson And Leon Russell
80%
1979 Come With Me Waylon Jennings
78%
1979 Amanda Waylon Jennings
78%
1978 I've Always Been Crazy Waylon Jennings
78%
1977 The Wurlitzer Prize (I Don't Want To Get Over Your)/Lookin' For A Feeling Waylon Jennings
78%
1977 Luckenbach, Texas (Back To The Basics Of Love) Waylon Jennings
78%
1975 Are You Sure Hank Done It This Way/Bob Wills Is Still the King Waylon Jennings
78%
1974 I'm A Ramblin' Man Waylon Jennings
78%
1974 This Time Waylon Jennings
78%
1975 I'm Sorry John Denver
75%
1975 Thank God I'm A Country Boy John Denver
75%
1974 Back Home Again John Denver
75%
1979 Happy Birthday Darlin' Conway Twitty
70%
1979 I May Never Get To Heaven Conway Twitty
70%
1979 Don't Take It Away Conway Twitty
70%
1977 I've Already Loved You In My Mind Conway Twitty
70%
1977 Play Guitar Play Conway Twitty
70%
1977 I Can't Believe She Gives It All To Me Conway Twitty
70%
1976 The Games That Daddies Play Conway Twitty
70%
1976 After All The Good Is Gone Conway Twitty
70%
1976 This Time I've Hurt Her More Than She Loves Me Conway Twitty
70%
1975 Touch The Hand Conway Twitty
70%
1975 Linda On My Mind Conway Twitty
70%
1974 I See The Want To In Your Eyes Conway Twitty
70%
1974 There's A Honky Tonk Angel (Who'll Take Me Back In) Conway Twitty
70%
1973 You've Never Been This Far Before Conway Twitty
70%
1973 She Needs Someone To Hold Her (When She Cries) Conway Twitty
70%
1972 I Can't Stop Loving You Conway Twitty
70%
1972 (Lost Her Love) On Our Last Date Conway Twitty
70%
1971 How Much More Can She Stand Conway Twitty
70%
1970 Fifteen Years Ago Conway Twitty
70%
1970 Hello Darlin' Conway Twitty
70%
1972 Eleven Roses Hank Williams Jr.
70%
1978 Out Of My Head And Back In My Bed Loretta Lynn
70%
1977 She's Got You Loretta Lynn
70%
1976 Somebody Somewhere (Don't Know What He's Missin' Tonight) Loretta Lynn
70%
1974 Trouble In Paradise Loretta Lynn
70%
1973 Love Is The Foundation Loretta Lynn
70%
1973 Rated "X" Loretta Lynn
70%
1972 One's On The Way Loretta Lynn
70%
1970 Coal Miner's Daughter Loretta Lynn
70%
1979 The Devil Went Down To Georgia The Charlie Daniels Band
70%
1977 Way Down/Pledging My Love Elvis Presley
68%
1977 Moody Blue/She Thinks I Still Care Elvis Presley
68%
1976 Cherokee Maiden/What Have You Got Planned Tonight Merle Haggard
68%
1976 The Roots Of My Raising Merle Haggard
68%
1975 It's All In The Movies Merle Haggard
68%
1975 Movin' On Merle Haggard
68%
1975 Always Wanting You Merle Haggard
68%
1975 Kentucky Gambler Merle Haggard
68%
1974 Old Man From The Mountain Merle Haggard
68%
1974 Things Aren't Funny Anymore Merle Haggard
68%
1973-74 If We Make It Through December Merle Haggard
68%
1973 Everybody's Had The Blues Merle Haggard
68%
1973 I Wonder If They Ever Think Of Me Merle Haggard
68%
1972 It's Not Love (But It's Not Bad) Merle Haggard
68%
1972 Grandma Harp/Turnin' Off A Memory Merle Haggard
68%
1972 Carolyn Merle Haggard
68%
1971 Daddy Frank (The Guitar Man) Merle Haggard
68%
1970 The Fightin' Side Of Me Merle Haggard And The Strangers
68%
1976 You And Me Tammy Wynette
68%
1976 'Til I Can Make It On My Own Tammy Wynette
68%
1974 Another Lonely Song Tammy Wynette
68%
1973 Kids Say The Darndest Things Tammy Wynette
68%
1973 'Til I Get It Right Tammy Wynette
68%
1972 My Man Tammy Wynette
68%
1972 Bedtime Story Tammy Wynette
68%
1971 Good Lovin' (Makes It Right) Tammy Wynette
68%
1970 Run, Woman, Run Tammy Wynette
68%
1970 He Loves Me All The Way Tammy Wynette
68%
1977 Say You'll Stay Until Tomorrow Tom Jones
68%
1979 Why Have You Left The One You Left Me For Crystal Gayle
65%
1978 Talking In Your Sleep Crystal Gayle
65%
1978 Ready For The Times To Get Better Crystal Gayle
65%
1977 Don't It Make My Brown Eyes Blue Crystal Gayle
65%
1977 You Never Miss A Real Good Thing (Till He Says Goodbye) Crystal Gayle
65%
1976 I'll Get Over You Crystal Gayle
65%
1979 You're My Jamaica Charley Pride
63%
1979 Where Do I Put Her Memory Charley Pride
63%
1978 Someone Loves You Honey Charley Pride
63%
1977 More To Me Charley Pride
63%
1977 I'll Be Leavin' Alone Charley Pride
63%
1977 She's Just An Old Love Turned Memory Charley Pride
63%
1976 My Eyes Can Only See As Far As You Charley Pride
63%
1975 Hope You're Feelin' Me (Like I'm Feelin' You) Charley Pride
63%
1975 Then Who Am I Charley Pride
63%
1973 Amazing Love Charley Pride
63%
1973 Don't Fight The Feelings Of Love Charley Pride
63%
1973 A Shoulder To Cry On Charley Pride
63%
1972 She's Too Good To Be True Charley Pride
63%
1972 It's Gonna Take A Little Bit Longer Charley Pride
63%
1971-72 Kiss An Angel Good Mornin' Charley Pride
63%
1971 I'm Just Me Charley Pride
63%
1971 I'd Rather Love You Charley Pride
63%
1970 I Can't Believe That You've Stopped Loving Me Charley Pride
63%
1970 Wonder Could I Live There Anymore Charley Pride
63%
1970 Is Anybody Goin' To San Antone Charley Pride
63%
1973 Why Me Kris Kristofferson
63%
1977 Rollin' With The Flow Charlie Rich
58%
1974 She Called Me Baby Charlie Rich
58%
1974 I Love My Friend Charlie Rich
58%
1974 I Don't See Me In Your Eyes Anymore Charlie Rich
58%
1974 A Very Special Love Song Charlie Rich
58%
1974 There Won't Be Anymore Charlie Rich
58%
1973 The Most Beautiful Girl Charlie Rich
58%
1973 Behind Closed Doors Charlie Rich
58%
1978 On My Knees Charlie Rich With Janie Fricke
58%
1978 Take This Job And Shove It Johnny Paycheck
53%
1976 Among My Souvenirs Marty Robbins
50%
1976 El Paso City Marty Robbins
50%
1970 My Woman, My Woman, My Wife Marty Robbins
50%
1976 You'll Lose A Good Thing Freddy Fender
48%
1975 Secret Love Freddy Fender
48%
1975 Wasted Days And Wasted Nights Freddy Fender
48%
1975 Before The Next Teardrop Falls Freddy Fender
48%
1979 Nobody Likes Sad Songs Ronnie Milsap
48%
1978 Let's Take The Long Way Around The World Ronnie Milsap
48%
1978 Only One Love In My Life Ronnie Milsap
48%
1978 What A Difference You've Made In My Life Ronnie Milsap
48%
1977 It Was Almost Like A Song Ronnie Milsap
48%
1977 Let My Love Be Your Pillow Ronnie Milsap
48%
1976 (I'm A) Stand By My Woman Man Ronnie Milsap
48%
1976 What Goes On When The Sun Goes Down Ronnie Milsap
48%
1975 Daydreams About Night Things Ronnie Milsap
48%
1975 (I'd Be) A Legend In My Time Ronnie Milsap
48%
1974 Please Don't Tell Me How The Story Ends Ronnie Milsap
48%
1974 Pure Love Ronnie Milsap
48%
1975 It's Time To Pay The Fiddler Cal Smith
43%
1974 Country Bumpkin Cal Smith
43%
1973 The Lord Knows I'm Drinking Cal Smith
43%
1975-76 Convoy C.W. McCall
40%
1978 It Only Hurts For A Little While Margo Smith
40%
1978 Don't Break The Heart That Loves You Margo Smith
40%
1971 Help Me Make It Through The Night Sammi Smith
40%
1974 World Of Make Believe Bill Anderson
38%
1976 Sometimes Bill Anderson & Mary Lou Turner
38%
1979 Suspicions Eddie Rabbitt
38%
1979 Every Which Way But Loose Eddie Rabbitt
38%
1978 I Just Want To Love You Eddie Rabbitt
38%
1978 You Don't Love Me Anymore Eddie Rabbitt
38%
1976 Drinkin' My Baby (Off My Mind) Eddie Rabbitt
38%
1973 Lord, Mr. Ford Jerry Reed
38%
1971 When You're Hot, You're Hot Jerry Reed
38%
1974 What A Man, My Man Is Lynn Anderson
38%
1973 Keep Me In Mind Lynn Anderson
38%
1971 How Can I Unlove You Lynn Anderson
38%
1971 You're My Man Lynn Anderson
38%
1970-71 Rose Garden Lynn Anderson
38%
1976 Here's Some Love Tanya Tucker
38%
1975 San Antonio Stroll Tanya Tucker
38%
1975 Lizzie And The Rainman Tanya Tucker
38%
1974 Would You Lay With Me (In A Field Of Stone) Tanya Tucker
38%
1973 Blood Red And Goin' Down Tanya Tucker
38%
1973 What's Your Mama's Name Tanya Tucker
38%
1979 (If Loving You Is Wrong) I Don't Want To Be Right` Barbara Mandrell
35%
1978 Sleeping Single In A Double Bed Barbara Mandrell
35%
1979 If I Said You Have A Beautiful Body Would You Hold It Against Me Bellamy Brothers
35%
1976 Faster Horses (The Cowboy And The Poet) Tom T. Hall
35%
1975 I Care/Sneaky Snake Tom T. Hall
35%
1974 Country Is Tom T. Hall
35%
1974 I Love Tom T. Hall
35%
1973 (Old Dogs Children And) Watermelon Wine Tom T. Hall
35%
1971 The Year That Clayton Delaney Died Tom T. Hall
35%
1970 A Week In A Country Jail Tom T. Hall
35%
1978 Two More Bottles Of Wine Emmylou Harris
33%
1976-77 Sweet Dreams Emmylou Harris
33%
1976 Together Again Emmylou Harris
33%
1979 All The Gold In California Larry Gatlin & The Gatlin Brothers
33%
1978 I Just Wish You Were Someone I Love Larry Gatlin & The Gatlin Brothers
33%
1975 When Will I Be Loved Linda Ronstadt
33%
1979 Coca Cola Cowboy Mel Tillis
33%
1978 I Believe In You Mel Tillis
33%
1977 Heart Healer Mel Tillis
33%
1976 Good Woman Blues Mel Tillis
33%
1972 It Ain't Over Mel Tillis
33%
1978 I'll Be True To You The Oak Ridge Boys
33%
1979 Broken Hearted Me Anne Murray
30%
1979 Shadows In The Moonlight Anne Murray
30%
1979 I Just Fall In Love Again Anne Murray
30%
1974 He Thinks I Still Care Anne Murray
30%
1977 That Was Yesterday Donna Fargo
30%
1974 You Can't Be A Beacon (If Your Light Don't Shine) Donna Fargo
30%
1973 You Were Always There Donna Fargo
30%
1973 Superman Donna Fargo
30%
1972 Funny Face Donna Fargo
30%
1972 The Happiest Girl In The Whole USA Donna Fargo
30%
1975 I'm Not Lisa Jessi Colter
30%
1972 Made In Japan Buck Owens
28%
1973 Paper Roses Marie Osmond
28%
1973 You're The Best Thing That Ever Happened To Me Ray Price
28%
1972-73 She's Got To Be A Saint Ray Price
28%
1971 I Won't Mention It Again Ray Price
28%
1970 For The Good Times/Grazin' In Greener Pastures Ray Price
28%
1978 Do You Know You Are My Sunshine The Statler Brothers
25%
1975 (Hey Won't You Play) Another Somebody Done Somebody Wrong Song B.J. Thomas
23%
1970 All For The Love Of Sunshine Hank Williams, Jr. & Mike Curb Congregation
23%
1974 I Can Help Billy Swan
18%
1972 It's Four In The Morning Faron Young
18%
1973 Come Live With Me Roy Clark
18%
1975 Rocky Dicky Lee
15%
1976 I Don't Want To Have To Marry You Jim Ed Brown And Helen Cornelius
15%
1977 She's Pulling Me Back Again Mickey Gilley
15%
1976 Bring It On Home To Me Mickey Gilley
15%
1976 Don't The Girls All Get Prettier At Closing Time Mickey Gilley
15%
1975 Window Up Above Mickey Gilley
15%
1975 City Lights Mickey Gilley
15%
1974 I Overlooked An Orchid Mickey Gilley
15%
1974 Room Full Of Roses Mickey Gilley
15%
1974 Hello Love Hank Snow
13%
1972 Chantilly Lace/Think About It Darlin' Jerry Lee Lewis
13%
1972 Would You Take Another Chance On Me/Me And Bobby McGee Jerry Lee Lewis
13%
1970 There Must Be More To Love Than This Jerry Lee Lewis
13%
1979 Backside Of Thirty John Conlee
13%
1979 Lady Lay Down John Conlee
13%
1978 Sweet Desire/Old Fashioned Love The Kendalls
13%
1977 Heaven's Just A Sin Away The Kendalls
13%
1975 Blanket On The Ground Billie Jo Spears
10%
1974 Marie Laveau Bobby Bare
10%
1975 She's Actin' Single (I'm Drinkin' Doubles) Gary Stewart
10%
1975 Love Put A Song In My Heart Johnny Rodriguez
10%
1975 Just Get Up And Close The Door Johnny Rodriguez
10%
1975 I Just Can't Get Her Out Of My Mind Johnny Rodriguez
10%
1974 That's The Way Love Goes Johnny Rodriguez
10%
1973 Ridin' My Thumb To Mexico Johnny Rodriguez
10%
1973 You Always Come Back (To Hurting Me) Johnny Rodriguez
10%
1977 Broken Down In Tiny Pieces Billy "Crash" Craddock
8%
1975 Ruby, Baby Billy "Crash" Craddock
8%
1974 Rub It In Billy "Crash" Craddock
8%
1972 Woman (Sensuous Woman) Don Gibson
8%
1970 Tennessee Bird Walk Jack Blanchard & Misty Morgan
8%
1973 Satin Sheets Jeanne Pruett
8%
1976 All These Things Joe Stampley
8%
1975 Roll On Big Mama Joe Stampley
8%
1973 Soul Song Joe Stampley
8%
1979 Just Good Ol' Boys Moe Brandy & Joe Stampley
8%
1976 Teddy Bear Red Sovine
8%
1974 Is It Wrong (For Loving You) Sonny James
8%
1972 When The Snow Is On The Roses Sonny James
8%
1972 That's Why I Love You Like I Do Sonny James
8%
1971 Here Comes Honey Again Sonny James
8%
1971 Bright Lights, Big City Sonny James
8%
1971 Empty Arms Sonny James
8%
1970 Endlessly Sonny James
8%
1970 Don't Keep Me Hangin' On Sonny James
8%
1970 My Love Sonny James
8%
1970 It's Just A Matter Of Time Sonny James
8%
1979 Last Cheater's Waltz T.G. Sheppard
8%
1975 Tryin' To Beat The Morning Home T.G. Sheppard
8%
1975 Devil In The Bottle T.G. Sheppard
8%
1973 Teddy Bear Song Barbara Fairchild
5%
1973 Trip To Heaven Freddie Hart
5%
1973 Super Kind Of Woman Freddie Hart
5%
1972 Got The All Overs For You (All Over Me) Freddie Hart
5%
1972 Bless Your Heart Freddie Hart
5%
1972 My Hang-Up Is You Freddie Hart
5%
1971 Easy Loving Freddie Hart
5%
1971 Easy Loving Freddie Hart
5%
1974 No Charge Melba Montgomery
5%
1976 The White Knight Cledus Maggard
3%
1970 The Pool Shark Dave Dudley
3%
1970 Baby, Baby (I Know You're A Lady) David Houston
3%
1978 She Can Put Her Shoes Under My Bed (Anytime) Johnny Duncan
3%
1977 It Couldn't Have Been Any Better Johnny Duncan
3%
1976 Thinkin' Of A Rendezvous Johnny Duncan
3%
1979 I Cheated Me Right Out Of You Moe Brandy
3%
1979 Golden Tears Dave Rowland And Sugar
0%
1978 Tear Time Dave Rowland And Sugar
0%
1976 The Door Is Always Open Dave Rowland And Sugar
0%
1972 If You Leave Me Tonight I'll Cry Jerry Wallace
0%
No matching quizzes found
Score Distribution
Percent of People with Each Score
Percentile by Number Answered
Your Score History
You have not taken this quiz